| 000 | 01671cam a2200421 i 4500 | ||
|---|---|---|---|
| 001 | 58555 | ||
| 003 | CO-BoRNBP | ||
| 005 | 20250826204553.0 | ||
| 007 | ta | ||
| 008 | 240404t20232021ck a gr 000 fdspa | ||
| 020 | _a9789583068089 | ||
| 040 |
_aCO-BoBN _bspa _erda _cCO-BoBN |
||
| 041 | 0 | _aspa | |
| 043 | _as-ck--- | ||
| 082 | 0 | 4 |
_aCo863.5 _223 |
| 100 | 1 |
_aDíaz, Gloria Cecilia, _d1951- _eautora _946089 |
|
| 245 | 1 | 0 |
_aEliador y el viaje de regreso / _cGloria Cecilia Díaz ; ilustraciones de Carlos Manuel Díaz |
| 250 | _aPrimera edición | ||
| 264 | 1 |
_aBogotá : _bPanamericana, _c2021 |
|
| 264 | 4 | _c©2023 | |
| 300 |
_a125 páginas : _bilustraciones a color ; _c21 cm |
||
| 336 |
_aTexto _btxt _2rdacontent |
||
| 337 |
_aSin mediación _bn _2rdamedia |
||
| 338 |
_aVolumen _bnc _2rdacarrier |
||
| 490 | 0 | _aPlan Nacional de Lectura, Escritura y Oralidad / Ministerio de Cultura | |
| 500 | _a"Edición especial. Colección de actualización bibliográfica para la Red Nacional de Bibliotecas Públicas del Ministerio de Cultura en el marco del Plan Nacional de Lectura, Escritura y Oralidad, 2023" | ||
| 500 | _aIncluye datos biográficos de la autora y del ilustrador | ||
| 500 | _aIncluye glosario | ||
| 521 | 1 | _aRecomendado para niños de 7 a 12 años | |
| 650 | 1 | 4 |
_aNovela infantil colombiana _ySiglo XXI _2LEMB |
| 650 | 2 | 4 |
_aViajes alrededor del mundo _vNovela _2LEMB _963494 |
| 650 | 2 | 4 |
_aSuperación personal _vNovela _2LEMB _963495 |
| 650 | 2 | 4 |
_aAmistad _vNovela _2LEMB _91741 |
| 650 | 2 | 4 |
_aMuerte _vNovela _2LEMB _9801 |
| 700 | 1 |
_aDíaz, Carlos Manuel, _eilustrador _963496 |
|
| 942 |
_2ddc _cBK |
||
| 990 |
_a2024-603 _bPanamericana Editorial Ltda. |
||
| 999 |
_c58555 _d58555 |
||